000 00328nam a22001337a 4500
020 _a9788126119615
082 _a630.76
_bUGC/AG
100 _aA Team of Experts
_91411
245 _aModern UGC NET /SLET: Agriculture
250 _a1 st
260 _aNew Delhi
_bAnmol Publications Pvt. Ltd
_c2004
300 _a513
942 _cBBS
999 _c14755
_d14755